<?xml version="1.0" encoding="UTF-8"?>
<record
    xmlns:xsi="http://www.w3.org/2001/XMLSchema-instance"
    xsi:schemaLocation="http://www.loc.gov/MARC21/slim http://www.loc.gov/standards/marcxml/schema/MARC21slim.xsd"
    xmlns="http://www.loc.gov/MARC21/slim">

  <leader>01360nam a22002777a 4500</leader>
  <controlfield tag="001">BRCA_9399</controlfield>
  <controlfield tag="003">FranzMayer</controlfield>
  <controlfield tag="005">20230918125118.0</controlfield>
  <controlfield tag="008">230904b        |||||||| |||| 00| 0 eng d</controlfield>
  <datafield tag="020" ind1=" " ind2=" ">
    <subfield code="a">8870384225</subfield>
  </datafield>
  <datafield tag="040" ind1=" " ind2=" ">
    <subfield code="a">MFM</subfield>
    <subfield code="b">ESPA&#xD1;OL</subfield>
    <subfield code="c">MFM</subfield>
  </datafield>
  <datafield tag="050" ind1=" " ind2="0">
    <subfield code="a">N2815</subfield>
    <subfield code="b">C46 2005</subfield>
  </datafield>
  <datafield tag="110" ind1="1" ind2=" ">
    <subfield code="4">Responsable</subfield>
    <subfield code="a">Centro Di</subfield>
    <subfield code="9">29531</subfield>
  </datafield>
  <datafield tag="240" ind1=" " ind2=" ">
    <subfield code="a">Las colecciones del Palacio Barberini en Roma, del Renacimiento al siglo XIX. Vidrios may&#xF3;licas, cofrecitos, trajes.</subfield>
    <subfield code="h">Le collezioni di Palazzo Barberini in Roma dal Rinascimento al secolo XIX. Vetri, Mailiche, cofanetti, costumi</subfield>
    <subfield code="l">Espa&#xF1;ol/Italiano</subfield>
  </datafield>
  <datafield tag="245" ind1="0" ind2=" ">
    <subfield code="a">Las colecciones del Palacio Barberini en Roma, del Renacimiento al siglo XIX. Vidrios may&#xF3;licas, cofrecitos, trajes.</subfield>
    <subfield code="b">Le collezioni di Palazzo Barberini in Roma dal Rinascimento al secolo XIX. Vetri, Mailiche, cofanetti, costumi</subfield>
  </datafield>
  <datafield tag="260" ind1=" " ind2=" ">
    <subfield code="a">Monterrey, M&#xE9;xico</subfield>
    <subfield code="b">Centro Di</subfield>
    <subfield code="c">2005</subfield>
  </datafield>
  <datafield tag="300" ind1=" " ind2=" ">
    <subfield code="a">141 p</subfield>
    <subfield code="b">Ilustraciones a color</subfield>
    <subfield code="c">29 cm</subfield>
  </datafield>
  <datafield tag="500" ind1=" " ind2=" ">
    <subfield code="a">Anexo 1</subfield>
  </datafield>
  <datafield tag="505" ind1=" " ind2=" ">
    <subfield code="a">Texto en: espa&#xF1;ol e italianoDirigido a: artistas, historiadores de arte </subfield>
  </datafield>
  <datafield tag="650" ind1="1" ind2=" ">
    <subfield code="2">Artes visuales</subfield>
    <subfield code="a">Museos, galer&#xED;as</subfield>
    <subfield code="v">Exposiciones</subfield>
    <subfield code="9">29532</subfield>
  </datafield>
  <datafield tag="651" ind1="2" ind2=" ">
    <subfield code="2">Italia</subfield>
    <subfield code="a">Roma</subfield>
    <subfield code="v">Palacio Barberini</subfield>
    <subfield code="9">29533</subfield>
  </datafield>
  <datafield tag="700" ind1="1" ind2=" ">
    <subfield code="4">Fot.</subfield>
    <subfield code="a">Schiavinotto, Giuseppe</subfield>
    <subfield code="9">29534</subfield>
  </datafield>
  <datafield tag="700" ind1="1" ind2=" ">
    <subfield code="4">Trad.</subfield>
    <subfield code="a">L&#xF3;pez Villafranco Cristina</subfield>
    <subfield code="9">29535</subfield>
  </datafield>
  <datafield tag="700" ind1="1" ind2=" ">
    <subfield code="4">Trad.</subfield>
    <subfield code="a">Zagato, Dianora</subfield>
    <subfield code="9">29536</subfield>
  </datafield>
  <datafield tag="942" ind1=" " ind2=" ">
    <subfield code="2">lcc</subfield>
    <subfield code="c">B</subfield>
  </datafield>
  <datafield tag="999" ind1=" " ind2=" ">
    <subfield code="c">11021</subfield>
    <subfield code="d">11021</subfield>
  </datafield>
  <datafield tag="952" ind1=" " ind2=" ">
    <subfield code="0">0</subfield>
    <subfield code="1">0</subfield>
    <subfield code="2">lcc</subfield>
    <subfield code="4">0</subfield>
    <subfield code="7">0</subfield>
    <subfield code="8">FCON</subfield>
    <subfield code="a">BRCA</subfield>
    <subfield code="b">BRCA</subfield>
    <subfield code="d">2023-09-04</subfield>
    <subfield code="l">0</subfield>
    <subfield code="o">N2815 C46 2005</subfield>
    <subfield code="p">CONT10169</subfield>
    <subfield code="r">2023-09-04 00:00:00</subfield>
    <subfield code="w">2023-09-04</subfield>
    <subfield code="y">B</subfield>
  </datafield>
</record>
